UBT Library

When baby boom women retire / (Record no. 44843)

000 -LEADER
fixed length control field 00747cam a2200241 a 4500
001 - CONTROL NUMBER
control field 4489855
005 - DATE AND TIME OF LATEST TRANSACTION
control field 20180313050911.0
008 - FIXED-LENGTH DATA ELEMENTS--GENERAL INFORMATION
fixed length control field 970623s1998 ctua b 001 0 eng
010 ## - LIBRARY OF CONGRESS CONTROL NUMBER
LC control number 97027003
020 ## - INTERNATIONAL STANDARD BOOK NUMBER
International Standard Book Number 0275960706 (alk. paper)
040 ## - CATALOGING SOURCE
Original cataloging agency DLC
Transcribing agency DLC
Modifying agency DLC
041 ## - LANGUAGE CODE
Language code of text/sound track or separate title eng
043 ## - GEOGRAPHIC AREA CODE
Geographic area code n-us---
080 ## - UNIVERSAL DECIMAL CLASSIFICATION NUMBER
Universal Decimal Classification number 306.38082 nan
082 00 - DEWEY DECIMAL CLASSIFICATION NUMBER
Classification number 306.38082 nan
Edition number 21
100 1# - Rafti
Rafti 50
101 ## - Shkurtesa
Shkurtesa psi
245 10 - TITLE STATEMENT
Title When baby boom women retire /
Statement of responsibility, etc Nancy Dailey.
504 ## - BIBLIOGRAPHY, ETC. NOTE
Bibliography, etc Includes bibliographical references (p. [129]-143) and index.
906 ## - LOCAL DATA ELEMENT F, LDF (RLIN)
a 7
b cbc
c orignew
d 1
e ocip
f 19
g y-gencatlg
942 ## - ADDED ENTRY ELEMENTS (KOHA)
Source of classification or shelving scheme
Item type Books
Holdings
Withdrawn status Lost status Source of classification or shelving scheme Damaged status Not for loan Collection code Permanent location Current location Shelving location Date acquired Total Checkouts Full call number Barcode Date last seen Price effective from Koha item type
          Koleksioni i përgjithshem UBT - Lipjan UBT - Lipjan Koleksioni i përgjithshem 03/13/2018   306.38082 nan 002-3002044 03/13/2018 03/13/2018 Books
UBT Library © 2015-2024. All rights reserved University Education for Business and Technology